| 000 | 00446nam a22001697a 4500 | ||
|---|---|---|---|
| 003 | OSt | ||
| 005 | 20221006195422.0 | ||
| 008 | 221006b |||||||| |||| 00| 0 eng d | ||
| 040 | _cBiblioteca Lado V | ||
| 082 |
_a708 _bC234f |
||
| 100 |
_9103 _aCantz, Hatje _eautor |
||
| 245 | _aFACE/ | ||
| 260 |
_bThe Daros Collections _c2000 |
||
| 300 |
_a288p. _c26x29cm |
||
| 700 |
_aDaros _ecoautor |
||
| 942 |
_2ddc _c1 _h708 _iC234f _n0 |
||
| 999 |
_c2214 _d2214 |
||